000 01403nam a22003977a 4500
003 DO-SdBPM
005 20250828093914.0
007 ta
008 161031b 2006 xx a 00| 0 spa d
020 _a 8477023123
040 _aDO-SdBPM
_bspa
_cBPMSU
_erda
082 4 _a823.91
_bM659h 2000
_222
100 1 _aMilne, Alan Alexander,
_d1882-1956.
_eautor
245 1 0 _aHistorias de Winny de Puh /
_cescritas por A.A. Milne ; con dibujos de Ernest Shepard ; traducción Isabel Cortázar, Juan Ramón Azaola.
264 _aMadrid :
_bValdemar,
_c2000.
300 _a351 páginas :
_bilustraciones ;
_c24 cm.
336 _atexto
_btxt
_2rdacontent
337 _asin mediación
_bn
_2rdamedia
338 _avolumen
_bnc
_2rdacarrier
490 0 _aAvatares ;
_v40
500 _aLibro de pasta dura.
505 0 _aWinny de Puh ; El rincón de Puh.
534 _pTítulo original.
_t Winnie-the-pooh.
534 _pTítulo original.
_tThe house at pooh corner.
590 _aInventariado, 2025/VM
650 7 _aCuentos infantiles ingleses.
650 7 _aHistorias de aventuras
700 1 _aShepard, Ernest,
_eilustración
700 1 _aCortázar, Isabel,
_etraductora
700 1 _aAzaola, Juan Ramón,
_d1944-
_etraductor
740 3 2 _aEl rincón de Puh.
740 0 2 _aWinny de Puh.
760 _b
910 _a VMateo V. Control de calidad. BPMSU
942 _2ddc
_cBK
999 _c15355
_d15355